000 02599cam a22005174i 4500
003 PE-LiUPU
005 20260218151000.0
008 151123s2014 ag rb 000 0 spa d
020 _a9789877011784
020 _a9789875674387
020 _a9789875674233
040 _aPE-LiUPU
_bspa
_cPE-LiUPU
_erda
041 1 _aspa
_heng
049 _aPRUA
082 _a248.5
_bW583c
_223
100 1 _aWhite, Elena G. de,
_d1827-1915,
_eautor.
245 1 0 _aConducción del niño /
_cElena G. de White.
250 _aPrimera edición.
264 1 _aBuenos aires :
_bAsociación Casa Editora Sudamericana,
_c2014.
300 _a298 páginas ;
_c22 cm
336 _atext
_2rdacontent
337 _aunmediated
_2rdamedia
338 _avolume
_2rdacarrier
504 _aIncluye referencia bibliografica al píe de página.
505 0 _aEl hogar, la primera escuela -- Los métodos y los textos -- Maestros debidamente preparados -- Obediencia es la lección más importante -- Otras lecciones básicas -- Lecciones de virtudes prácticas -- El desarrollo de las cualidades cristianas -- La tarea suprema: el desarrollo del carácter -- Elementos fundamentales en la edificación del carácter -- La disciplina y su administración -- Disciplina defectuosa -- El desarrollo de las facultades mentales -- Importancia fundamental del desarrollo físico -- El mantenimiento de la idoneidad física -- El atavío adecuado -- Preservación de la integridad moral -- El despertar de las facultades espirituales -- El mantenimiento de la experiencia religiosa -- El día del cómputo final.
526 _aSEG42
526 _aSEG41
526 _aSEG40
526 _aSEG39
526 _aP94
526 _aP87
526 _aP86
526 _aP85
526 _aP77
526 _aP76
526 _aP35
534 _pTítulo original :
_tChild Guidance, Review and Herald Publishing Association, Hagerstown, MD, E.U.A.
650 1 4 _aEducación cristiana de niños
_97780
650 2 4 _aCrianza de niños
_xAspectos religiosos
_xCristianismo
_91481
650 2 4 _aFormación del carácter
_97949
942 _2ddc
_cBK
_n0
980 _818226
_gJaime Vilcazán Jefe de Análisis Documental
_618226
_aJaime Vilcazán Jefe de Análisis Documental
999 _c63316
_d63315